[Event "GRE-ch U18"]
[Site "Athens"]
[Date "2024.01.08"]
[Round "9"]
[White "Georgiadis, Athanasios Kat"]
[Black "Skodras, Marios Konstantinos"]
[Result "1-0"]
[WhiteElo "1843"]
[BlackElo "1712"]
[PlyCount "65"]
[EventDate "2024.01.02"]
[EventType "swiss"]
[EventRounds "9"]
[EventCountry "GRE"]
[SourceTitle "EXT 2025"]
[Source "ChessBase"]
[SourceDate "2024.10.14"]
[SourceVersion "1"]
[SourceVersionDate "2024.10.14"]
[SourceQuality "1"]
[WhiteTeam "Griechenland"]
[BlackTeam "Griechenland"]
[WhiteTeamCountry "GRE"]
[BlackTeamCountry "GRE"]

1. Nf3 Nf6 2. g3 g6 3. Bg2 Bg7 4. 0-0 0-0 5. d3 d5 6. c3 c5 7. Qb3 Nc6 8. Re1 b6 9. e4 dxe4 10. dxe4 e5 11. Bg5 Be6 12. Qc2 b5 13. Nbd2 Qb6 14. Bxf6 Bxf6 15. Nf1 Rad8 16. Ne3 Bg7 17. Ng5 Ne7 18. Nxe6 Qxe6 19. a4 b4 20. Red1 a5 21. Nd5 Nxd5 22. Rxd5 Qb6 23. cxb4 Qxb4 24. Rxc5 Rd2 25. Qc3 Rxb2 26. Qxb4 axb4 27. a5 b3 28. a6 Ra2 29. Rxa2 bxa2 30. Ra5 Ra8 31. Rxa2 Ra7 32. Bh3 Bf8 33. Bc8 1-0

[Event "GRE-ch U18"]
[Site "Athens"]
[Date "2024.01.05"]
[Round "6"]
[White "Papadopoulos, Filippos"]
[Black "Georgiadis, Athanasios Kat"]
[Result "1-0"]
[WhiteElo "1745"]
[BlackElo "1843"]
[PlyCount "107"]
[EventDate "2024.01.02"]
[EventType "swiss"]
[EventRounds "9"]
[EventCountry "GRE"]
[SourceTitle "EXT 2025"]
[Source "ChessBase"]
[SourceDate "2024.10.14"]
[SourceVersion "1"]
[SourceVersionDate "2024.10.14"]
[SourceQuality "1"]
[WhiteTeam "Griechenland"]
[BlackTeam "Griechenland"]
[WhiteTeamCountry "GRE"]
[BlackTeamCountry "GRE"]

1. e4 c5 2. Nf3 Nc6 3. d4 cxd4 4. Nxd4 Nf6 5. Nc3 e6 6. Ndb5 d6 7. Bf4 e5 8. Bg5 a6 9. Na3 b5 10. Bxf6 gxf6 11. Nd5 Bg7 12. Bd3 Be6 13. Qh5 f5 14. 0-0 f4 15. c4 bxc4 16. Bxc4 0-0 17. Rac1 Bd7 18. Rfd1 Be8 19. Nc2 Kh8 20. Qe2 a5 21. b4 axb4 22. Ndxb4 Nxb4 23. Nxb4 Rg8 24. Bd5 Ra4 25. Nc6 Qg5 26. f3 Bf6 27. Bb3 Bxc6 28. Rxc6 Rd4 29. Rxd6 Be7 30. Rd5 Qg7 31. Kh1 Rxd1+ 32. Rxd1 Bc5 33. a4 Bd4 34. a5 Qh6 35. Bc4 Rg6 36. h3 Qh4 37. Bxf7 Rg7 38. Bd5 Bf2 39. Qf1 Be3 40. Rb1 Rc7 41. a6 h5 42. Qb5 Qd8 43. Rd1 Qc8 44. Bb7 Rc5 45. Qa4 Rc4 46. Qb5 Rc5 47. Qb2 Qb8 48. Qa2 Rc3 49. Qf7 Rc7 50. Qxh5+ Rh7 51. Qg5 Bd4 52. Rc1 Rc7 53. Qh6+ Kg8 54. Bd5+ 1-0

[Event "GRE-ch U18"]
[Site "Athens"]
[Date "2024.01.03"]
[Round "3"]
[White "Georgiadis, Athanasios Kat"]
[Black "Alepoudeas, Stylianos"]
[Result "1-0"]
[WhiteElo "1843"]
[BlackElo "1578"]
[PlyCount "75"]
[EventDate "2024.01.02"]
[EventType "swiss"]
[EventRounds "9"]
[EventCountry "GRE"]
[SourceTitle "EXT 2025"]
[Source "ChessBase"]
[SourceDate "2024.10.14"]
[SourceVersion "1"]
[SourceVersionDate "2024.10.14"]
[SourceQuality "1"]
[WhiteTeam "Griechenland"]
[BlackTeam "Griechenland"]
[WhiteTeamCountry "GRE"]
[BlackTeamCountry "GRE"]

1. Nf3 c5 2. g3 g6 3. Bg2 Bg7 4. 0-0 Nf6 5. d4 cxd4 6. Nxd4 0-0 7. c4 d6 8. Nc3 a6 9. e4 e5 10. Nde2 Be6 11. b3 Qd7 12. Qd3 Ne8 13. Nd5 Bxd5 14. Qxd5 Qc6 15. Rd1 Qxd5 16. Rxd5 f5 17. Ba3 Rf6 18. Rad1 Bf8 19. exf5 gxf5 20. c5 Nc7 21. Rxd6 Bxd6 22. cxd6 Nb5 23. d7 Nxd7 24. Be7 Rf7 25. Rxd7 e4 26. Nf4 Re8 27. Nd5 Kg7 28. Rxb7 Nd6 29. Rb6 Nc8 30. Bf6+ Kf8 31. Rxa6 Rd7 32. Ne3 Rd6 33. Rxd6 Nxd6 34. Bf1 Ra8 35. a4 Kf7 36. Be5 Nb7 37. Bc4+ Kg6 38. Bd5 1-0

[Event "GRE-ch U16"]
[Site "Peristeri"]
[Date "2023.07.06"]
[Round "6"]
[White "Tzortzatos, Dimosthenis Panagio"]
[Black "Georgiadis, Athanasios Kat"]
[Result "1/2-1/2"]
[WhiteElo "1832"]
[BlackElo "1800"]
[PlyCount "107"]
[EventDate "2023.07.03"]
[EventType "swiss"]
[EventRounds "9"]
[EventCountry "GRE"]
[SourceTitle "EXT 2024"]
[Source "ChessBase"]
[SourceDate "2023.10.10"]
[SourceVersion "1"]
[SourceVersionDate "2023.10.10"]
[SourceQuality "1"]

1. c4 Nf6 2. Nc3 g6 3. g3 Bg7 4. Bg2 d6 5. e4 0-0 6. Nge2 e5 7. 0-0 c5 8. d3 Nc6 9. h3 Nd4 10. Be3 Nd7 11. Nd5 Nb8 12. Nec3 Nbc6 13. f4 exf4 14. Bxf4 Be6 15. Qd2 a6 16. Bg5 f6 17. Bh6 b5 18. Bxg7 Kxg7 19. Nf4 bxc4 20. Nxe6+ Nxe6 21. dxc4 Ned4 22. Nd5 Ne5 23. b3 a5 24. Rf2 Ra7 25. Raf1 Raf7 26. Qc3 h5 27. a3 f5 28. Qe3 fxe4 29. Rxf7+ Rxf7 30. Rxf7+ Kxf7 31. Qxe4 Qg5 32. Qf4+ Qxf4 33. gxf4 Nd3 34. Kf1 Ne6 35. Nb6 Ndxf4 36. Nc8 Nxg2 37. Kxg2 Nd4 38. Nxd6+ Ke6 39. Ne4 Nxb3 40. Kf3 Ke5 41. Ke3 a4 42. Nc3 Na5 43. Nxa4 Nxc4+ 44. Kd3 Nxa3 45. Nxc5 Kf4 46. Ne6+ Kg3 47. Nf8 g5 48. Nh7 Kh4 49. Ke3 Nc4+ 50. Kf2 Ne5 51. Kg2 Ng6 52. Nf6 Nf4+ 53. Kh2 Nxh3 54. Nxh5 1/2-1/2

[Event "GRE-ch U16"]
[Site "Peristeri"]
[Date "2023.07.03"]
[Round "1"]
[White "Balafoutis, Ilias"]
[Black "Georgiadis, Athanasios Kat"]
[Result "1/2-1/2"]
[WhiteElo "1432"]
[BlackElo "1800"]
[PlyCount "111"]
[EventDate "2023.07.03"]
[EventType "swiss"]
[EventRounds "9"]
[EventCountry "GRE"]
[SourceTitle "EXT 2024"]
[Source "ChessBase"]
[SourceDate "2023.10.10"]
[SourceVersion "1"]
[SourceVersionDate "2023.10.10"]
[SourceQuality "1"]

1. d4 Nf6 2. c4 g6 3. Nc3 Bg7 4. Nf3 0-0 5. g3 d6 6. Bg2 Nc6 7. 0-0 e5 8. dxe5 dxe5 9. Bg5 Be6 10. Nd2 h6 11. Bxf6 Qxf6 12. Nde4 Qe7 13. Nd5 Bxd5 14. cxd5 Nd4 15. e3 Nf5 16. Qb3 Nd6 17. Nxd6 cxd6 18. Rac1 Rac8 19. Bh3 f5 20. e4 Rc7 21. Qa4 a6 22. Qa5 Rxc1 23. Rxc1 Qg5 24. Rc7 fxe4 25. Qe1 Qf6 26. Bg2 Rf7 27. Rxf7 Qxf7 28. Qxe4 Bf6 29. Bh3 Kg7 30. Qc4 Bd8 31. Be6 Qc7 32. Qa4 Qe7 33. Qc4 Qf8 34. Qc8 Qe7 35. Bd7 e4 36. Qc3+ Qf6 37. Qxf6+ Bxf6 38. b3 a5 39. Kf1 Bc3 40. Ke2 Kf6 41. Bc8 b6 42. Ba6 Ke5 43. Bc4 b5 44. Bxb5 Kxd5 45. f3 exf3+ 46. Kxf3 Kd4 47. Ke2 Bb2 48. Bd3 g5 49. h4 d5 50. hxg5 hxg5 51. Kd2 Ke5 52. g4 Kd4 53. Bf5 Kc5 54. Kd3 Kb4 55. Be6 d4 56. a4 1/2-1/2

[Event "GRE-ch U20"]
[Site "Trikala"]
[Date "2023.04.18"]
[Round "1"]
[White "Georgiadis, Athanasios Kat"]
[Black "Ntalas, Panagiotis"]
[Result "1-0"]
[WhiteElo "1764"]
[BlackElo "1155"]
[PlyCount "57"]
[EventDate "2023.04.18"]
[EventType "swiss"]
[EventRounds "9"]
[EventCountry "GRE"]
[SourceTitle "EXT 2024"]
[Source "ChessBase"]
[SourceDate "2023.10.10"]
[SourceVersion "1"]
[SourceVersionDate "2023.10.10"]
[SourceQuality "1"]

1. e4 e5 2. Nf3 Nc6 3. Bb5 Nf6 4. 0-0 Bc5 5. c3 Nxe4 6. d4 exd4 7. Re1 Qe7 8. cxd4 Bb4 9. Nfd2 d5 10. f3 Bf5 11. fxe4 Bxe4 12. Nc3 Bxc3 13. bxc3 0-0 14. Nxe4 dxe4 15. Qa4 Rad8 16. Ba3 Qe6 17. Bxf8 Kxf8 18. Bxc6 bxc6 19. Qxa7 Qe7 20. Qc5 Rd6 21. a4 Qh4 22. Qf5 Re6 23. a5 g6 24. Qc5+ Kg7 25. a6 e3 26. a7 Qf2+ 27. Kh1 Re8 28. Qxc6 Kg8 29. Qxe8+ 1-0

[Event "EU-chT U18"]
[Site "Thessaloniki"]
[Date "2022.07.15"]
[Round "4.9"]
[White "Georgiadis, Athanasios Kat"]
[Black "Veljanoski, Andrej"]
[Result "0-1"]
[WhiteElo "1689"]
[BlackElo "2162"]
[PlyCount "112"]
[EventDate "2022.07.12"]
[EventType "team-swiss"]
[EventRounds "7"]
[EventCountry "GRE"]
[SourceTitle "CBM 209 Extra"]
[Source "ChessBase"]
[SourceDate "2022.09.30"]
[SourceVersion "1"]
[SourceVersionDate "2022.09.30"]
[SourceQuality "1"]
[WhiteTeam "Greece Esth U18"]
[BlackTeam "Macedonia U18"]
[WhiteTeamCountry "GRE"]
[BlackTeamCountry "MKD"]

1. e4 e5 2. Nf3 Nc6 3. Bb5 a6 4. Bxc6 dxc6 5. 0-0 Bd6 6. d4 exd4 7. Qxd4 f6 8. Nbd2 Be6 9. Qc3 Qd7 10. Nd4 0-0-0 11. Nxe6 Qxe6 12. Qc4 Qg4 13. h3 Qh5 14. Re1 Ne7 15. Qe6+ Kb8 16. Nc4 Rhe8 17. Nxd6 Rxd6 18. Qg4 Qf7 19. Bf4 Re6 20. Re3 Ng6 21. Rae1 Qe7 22. Bg3 Qb4 23. b3 Qa3 24. Qh5 Nf8 25. e5 g6 26. Qe2 f5 27. f4 Qxa2 28. Qd2 Qa3 29. Rd3 Qe7 30. Rd1 b6 31. Bf2 Kb7 32. b4 g5 33. g3 gxf4 34. gxf4 Rg6+ 35. Kh1 Qe6 36. Qe3 Qc4 37. c3 Ne6 38. Bg3 Reg8 39. Bh2 Rg2 40. Rd7 Qa2 41. R7d2 Rxd2 42. Qxd2 Qc4 43. Qd3 Qxd3 44. Rxd3 Rd8 45. Rxd8 Nxd8 46. Kg2 c5 47. bxc5 b5 48. Kf3 Kc6 49. Bg1 Kd5 50. Ke2 Ne6 51. Be3 Kc4 52. Kd2 Kb3 53. Kd3 a5 54. Kd2 Kb2 55. Bd4 Kb1 56. c4 b4 0-1

[Event "GRE-chT2 48th"]
[Site "Thessaloniki"]
[Date "2021.10.09"]
[Round "6.7"]
[White "Petridis, Dimitrios Panagioti"]
[Black "Georgiadis, Athanasios Kat"]
[Result "0-1"]
[WhiteElo "1337"]
[BlackElo "1460"]
[PlyCount "82"]
[EventDate "2021.10.05"]
[EventType "team-swiss"]
[EventRounds "7"]
[EventCountry "GRE"]
[SourceTitle "CBM 204 Extra"]
[Source "ChessBase"]
[SourceDate "2021.11.30"]
[SourceVersion "1"]
[SourceVersionDate "2021.11.30"]
[SourceQuality "1"]
[WhiteTeam "Giannitson"]
[BlackTeam "Katerinis"]
[WhiteTeamCountry "GRE"]
[BlackTeamCountry "GRE"]

1. e4 e6 2. d4 d5 3. Nd2 Nf6 4. e5 Nfd7 5. Bd3 c5 6. c3 Nc6 7. Ne2 cxd4 8. cxd4 f6 9. exf6 Nxf6 10. Nf3 Bd6 11. 0-0 0-0 12. Re1 Qc7 13. Ng3 Bd7 14. Be3 Rae8 15. Rc1 Qb8 16. a3 Ne7 17. Qc2 Rc8 18. Qb1 Rxc1 19. Rxc1 Kh8 20. Ng5 h6 21. Nf3 Ng4 22. Bd2 Nf5 23. Bxf5 exf5 24. Nh4 f4 25. Ng6+ Kg8 26. Nxf8 fxg3 27. hxg3 Qxf8 28. Rf1 Bb5 29. Qg6 Bxf1 30. Qxg4 Bd3 31. Qe6+ Kh7 32. Qxd5 Qe7 33. Bc3 Be4 34. Qb5 Qg5 35. Qe8 Qd5 36. f3 Bg6 37. Qd7 Bf5 38. Qd8 Qe6 39. g4 Qe3+ 40. Kh1 Qc1+ 41. Be1 Qxe1# 0-1

[Event "GRE-ch U14"]
[Site "Patras"]
[Date "2021.08.31"]
[Round "3"]
[White "Georgiadis, Athanasios Kat"]
[Black "Balafoutis, Ilias"]
[Result "1-0"]
[WhiteElo "1552"]
[BlackElo "1176"]
[PlyCount "39"]
[EventDate "2021.08.30"]
[EventType "swiss"]
[EventRounds "9"]
[EventCountry "GRE"]
[SourceTitle "EXT 2022"]
[Source "ChessBase"]
[SourceDate "2021.10.06"]
[SourceVersion "1"]
[SourceVersionDate "2021.10.06"]
[SourceQuality "1"]

1. e4 c6 2. d4 d5 3. e5 Bf5 4. h4 h5 5. Bd3 Bxd3 6. Qxd3 e6 7. Bg5 Qb6 8. Nd2 Be7 9. Ngf3 c5 10. dxc5 Bxc5 11. 0-0 Nd7 12. c4 Qa6 13. Qb3 Nb6 14. cxd5 Nxd5 15. Ne4 b6 16. Rfe1 Nge7 17. Nd6+ Bxd6 18. exd6 Nf5 19. Qxd5 Kd7 20. Ne5+ 1-0

[Event "GRE-ch North U08/14"]
[Site "Thessaloniki"]
[Date "2020.08.26"]
[Round "1"]
[White "Moustakas, Athanasios"]
[Black "Georgiadis, Athanasios Kat"]
[Result "0-1"]
[WhiteElo "1167"]
[BlackElo "1621"]
[PlyCount "132"]
[EventDate "2020.08.26"]
[EventType "swiss"]
[EventRounds "9"]
[EventCountry "GRE"]
[SourceTitle "EXT 2023"]
[Source "ChessBase"]
[SourceDate "2022.10.05"]
[SourceVersion "1"]
[SourceVersionDate "2022.10.05"]
[SourceQuality "1"]

1. e4 e6 2. d4 d5 3. exd5 exd5 4. Nf3 Bd6 5. Bd3 Nf6 6. Qe2+ Qe7 7. Qxe7+ Bxe7 8. 0-0 0-0 9. Bf4 c5 10. Re1 Nc6 11. Bb5 Ne4 12. Bxc6 bxc6 13. Nbd2 Bf6 14. Nxe4 dxe4 15. Nd2 e3 16. Bxe3 cxd4 17. Bf4 Bf5 18. Ne4 Rfe8 19. Nxf6+ gxf6 20. c3 dxc3 21. bxc3 Kg7 22. f3 Rad8 23. Be3 a6 24. Bd4 Rxe1+ 25. Rxe1 Rd5 26. Rd1 Ra5 27. Ra1 Ra3 28. Kf2 Be6 29. Kg3 Kg6 30. Kf4 a5 31. Ke4 a4 32. Kd3 Kf5 33. Kc2 Rxa2+ 34. Rxa2 Bxa2 35. Kb2 Bb3 36. Ka3 h5 37. Kb4 Kg5 38. Kc5 f5 39. Kxc6 a3 40. Be3+ f4 41. Bc1 a2 42. Bb2 Bc4 43. Kc5 Bf1 44. g3 fxg3 45. hxg3 Bg2 46. Bc1+ Kg6 47. Bb2 Bxf3 48. c4 Kf5 49. Kd6 f6 50. c5 Kg4 51. Bxf6 Kxg3 52. c6 Bxc6 53. Kxc6 Kg2 54. Kd5 h4 55. Kc4 h3 56. Be5 h2 57. Kb3 h1Q 58. Kxa2 Kf3 59. Bb2 Ke3 60. Kb3 Qb7+ 61. Kc2 Qc6+ 62. Bc3 Qc4 63. Kb2 Kd3 64. Bf6 Qc2+ 65. Ka1 Kc4 66. Bc3 Kb3 0-1

[Event "Thessaloniki U16 6th"]
[Site "Thessaloniki"]
[Date "2019.12.07"]
[Round "5.2"]
[White "Georgiadis, Athanasios Kat"]
[Black "Malchasian, Alexandros"]
[Result "1-0"]
[WhiteElo "1584"]
[BlackElo "1283"]
[PlyCount "69"]
[EventDate "2019.12.05"]
[EventType "swiss (rapid)"]
[EventRounds "8"]
[EventCountry "GRE"]
[SourceTitle "EXT 2024"]
[Source "ChessBase"]
[SourceDate "2023.10.10"]
[SourceVersion "1"]
[SourceVersionDate "2023.10.10"]
[SourceQuality "1"]

1. e4 e6 2. d4 d5 3. Nd2 c5 4. exd5 exd5 5. Ngf3 Nf6 6. Bb5+ Bd7 7. Bxd7+ Nbxd7 8. 0-0 Be7 9. dxc5 Nxc5 10. Nb3 h6 11. c3 Ne6 12. Nbd4 Nxd4 13. Nxd4 0-0 14. Qd3 Ne4 15. f3 Nf6 16. Be3 Bc5 17. Rfe1 Re8 18. Re2 Qd7 19. Rae1 a6 20. Nf5 Bxe3+ 21. Nxe3 b5 22. Kf1 Rad8 23. Nxd5 Nxd5 24. Rxe8+ Rxe8 25. Rxe8+ Qxe8 26. Qxd5 Qb8 27. g3 Qb6 28. Qd4 Qa5 29. a3 Qc7 30. a4 Qa5 31. Qb4 Qxb4 32. cxb4 bxa4 33. Ke2 Kf8 34. Kd3 Ke7 35. b3 1-0